02358cam a2200385 i 4500999001700000001000900017005001700026008004100043010001700084020004600101020004300147041000800190080002000198082001700218245074600235246004300981250001901024264004501043300006201088336002101150337002501171338002301196504005101219650003601270650004001306653006301346653002901409700007301438700005601511700006801567906004501635942001201680955013501692952014501827 c57466d574661846241320221105220729.0150122t2016 moua b 001 0 eng  a 2015002959 a9780323287456 (hardcover : alk. paper) 1 a032328745X (hardcover : alk. paper) 1 aeng a616.31-053 M-7700a617.6/4522300aMcDonald and Avery's dentistry for the child and adolescent /c[edited by] Jeffrey A. Dean, DDS, MSD, Chief of Staff, Office of the Chancellor, Indiana University-Purdue University Indianapolis, Ralph E. McDonald Professor of Pediatric Dentistry and Professor of Orthodontics, Indiana University School of Dentistry, Riley Hospital for Children at IU Health, Indianapolis, Indiana, James E. Jones, DMD, MSD, EdD, PhD, Professor and Chair, Department of Pediatric Dentistry, Indiana University School of Dentistry, Clinical Professor, Department of Pediatrics, Indiana University School of Medicine, Indianapolis, Indiana, LaQuia A. Walker Vinson, DDS, MPH, Assistant Professor, Pediatric Dentistry, Indiana University, Indianapolis, Indiana.1 aDentistry for the child and adolescent aTenth edition. 1aSt. Louis, Missouri :bElsevier,c[2016] axix, 700 pages :billustrations (chiefly color) ;c29 cm atext2rdacontent aunmediated2rdamedia avolume2rdacarrier aIncludes bibliographical references and index.12aDental Care for Children.9848722aPediatric Dentistryxmethods.98745 aბავშვთა სტომატოლოგია aმედიცინა1 aDean, Jeffrey A.q(Jeffrey Alan),eრედაქტორი987461 aAvery, David R.,eრედაქტორი987471 aMcDonald, Ralph E.,d1920- ,eრედაქტორი98748 a7bcbccorignewd1eecipf20gy-gencatlg 2udccBK axn12 2015-11-23 1 copy rec'd., to CIP ver.arl00 2015-12-02 to SMAatd11 2016-03-07 multiple typos and two names corrected in 245c 00102udc40661631053_M7770989177aCPLbCPLcGENd2020-06-24g292.00o616.31-053 M-77p60663r2020-06-24t60663w2020-06-24yBKz292 ლ.